| 000 | 00769 a2200205 4500 | ||
|---|---|---|---|
| 999 |
_c10326 _d10326 |
||
| 020 | _a9780071488563 | ||
| 050 | _aQA276.2 HIN 2008 | ||
| 100 |
_aHinders, Duane C. _eauthor |
||
| 245 |
_aAP statistics : _b2008-2009 / _cDuane C Hinders |
||
| 264 |
_aNew York : . _bMcGraw-Hill, _c |
||
| 300 |
_axiv, 346 pages : _billustrations ; 28 cm. |
||
| 440 | _a5 steps to a 5.; McGraw Hill professional. | ||
| 500 | _aIncludes index | ||
| 650 |
_aStatistics -- Examinations _xStudy guides. |
||
| 650 |
_aStatistics _xExaminations, questions, etc. |
||
| 650 |
_aAdvanced placement programs (Education) -- Examinations _xStudy guides. |
||
| 650 |
_aAdvanced placement programs (Education) . _xExaminations |
||
| 650 | _aStatistics. | ||
| 942 |
_2lcc _cBK _h276.2 _iHIN _kQA |
||